| 000 | 00362nam a22001217a 4500 | ||
|---|---|---|---|
| 020 | _a1858365244 | ||
| 082 |
_a341.2422 _bEUR |
||
| 245 |
_aEuropean Union Law: _b2001-2002 LLB Examination Questions and Suggested Solutions / _cSolutions by Alina Kaczorowska |
||
| 260 |
_aLondon: _bOld Bailey Press, _c2003. |
||
| 300 | _a111 p. | ||
| 563 | _aPB. | ||
| 942 |
_2ddc _cBK |
||
| 999 |
_c613819 _d613819 |
||